| 000 | 00345nam a22001457a 4500 | ||
|---|---|---|---|
| 008 | 210311b ||||| |||| 00| 0 eng d | ||
| 020 | _a9780071102940 | ||
| 041 | _aeng | ||
| 080 |
_23rd _a330.722.6 |
||
| 082 | _a330.722.6 | ||
| 100 | _a62 | ||
| 101 | _aKM | ||
| 245 |
_aIntroduction to Managerial Accounting _cBrewer, P. C |
||
| 942 |
_2udc _cBK |
||
| 999 |
_c56311 _d56311 |
||